| 000 | 00696nam a2200241Ia 4500 | ||
|---|---|---|---|
| 003 | OSt | ||
| 005 | 20220925205228.0 | ||
| 006 | a|||||r|||| 00| 0 | ||
| 007 | ta | ||
| 008 | 220923b |||||||| |||| 00| 0 eng d | ||
| 037 | _cGeneral Book | ||
| 040 |
_aRTL _cRTL _beng |
||
| 041 |
_2eng _aeng |
||
| 082 | _aY, M1 | ||
| 100 |
_aBerger Peter L _974241 |
||
| 245 | 0 |
_aSociology reinterpreted _b An essay on method and v |
|
| 260 |
_aHarmondsworth _bPenguin Books _c1981 |
||
| 300 |
_a176p _ccm. |
||
| 500 | _aBibliography : P 167-170 | ||
| 700 |
_a Kellner Hansfried _9269932 |
||
| 942 |
_hY, M1 _cGB _2CC |
||
| 999 |
_c551549 _d551549 |
||